header

Winning with futures (Record no. 23392)

MARC details
000 -LEADER
fixed length control field 01197nam a2200313Ia 4500
100 1# - MAIN ENTRY--AUTHOR NAME
Personal name Thomsett, Michael C.
245 10 - TITLE STATEMENT
Title Winning with futures
260 ## - PUBLICATION, DISTRIBUTION, ETC. (IMPRINT)
Place of publication New York :
Name of publisher American Management Association,
Year of publication c2009.
300 ## - PHYSICAL DESCRIPTION
Number of Pages x, 244 p. :
Other physical details ill.
500 ## - GENERAL NOTE
General note Includes index.
650 #0 - SUBJECT ADDED ENTRY--TOPICAL TERM
Topical Term Futures market.
Topical Term Futures.
Topical Term Investments.
856 40 - ELECTRONIC LOCATION AND ACCESS
Uniform Resource Identifier http://site.ebrary.com/lib/rucke/Doc?id=10271821

No items available.

© 2026 Rongo University
Contact us: librarian | system librarian | Rongo university